000
00243nam a2200097Ia 4500
008
230907s9999||||xx |||||||||||||| ||und||
082
_a
604.7
_b
AER
245
0
_a
Aerospace materials and material technologies /
300
_a
557 p.
942
_c
BK
999
_c
599862
_d
599862